Z Banky Slovakia bude prvá čistokrvná investičná banka na Slovensku
60-perc. balík akcií Banky Slovakia, a.s. Banská Bystrica kúpila rakúska Meinl Bank. Skupinová akvizícia. Meinl Bank musela bankovému dohľadu prezentovať dlhodobú stratégiu banky. Banka Slovakia sa v budúcnosti zameria na investičné bankovníctvo.
Na minha lista:
| Autor principal: | |
|---|---|
| Formato: | Capítulo de Livro |
| Idioma: | eslovaco |
| Assuntos: | |
| Tags: |
Sem tags, seja o primeiro a adicionar uma tag!
|
MARC
| LEADER | 00000naa a2200000 4500 | ||
|---|---|---|---|
| 001 | r048715 | ||
| 005 | 20230921114550.8 | ||
| 041 | 0 | |a slo | |
| 044 | |a SK | ||
| 245 | 1 | 0 | |a Z Banky Slovakia bude prvá čistokrvná investičná banka na Slovensku |c Martin Jankovič |
| 520 | |a 60-perc. balík akcií Banky Slovakia, a.s. Banská Bystrica kúpila rakúska Meinl Bank. Skupinová akvizícia. Meinl Bank musela bankovému dohľadu prezentovať dlhodobú stratégiu banky. Banka Slovakia sa v budúcnosti zameria na investičné bankovníctvo. | ||
| 610 | 2 | 0 | |a banky |
| 610 | 2 | 0 | |a bankovníctvo |
| 610 | 2 | 0 | |a bankovníctvo investičné |
| 610 | 2 | 0 | |a akcie |
| 610 | 2 | 0 | |a akvizícia |
| 610 | 2 | 0 | |a Banka Slovakia, a.s. Banská Bystrica |
| 610 | 2 | 0 | |a Meinl Bank |
| 100 | 1 | |a Jankovič, Martin | |